Globalization and geopolitics in the Middle East : (Record no. 11624)
[ view plain ]
| 000 -LEADER | |
|---|---|
| fixed length control field | 02072cam a22003618a 4500 |
| 001 - CONTROL NUMBER | |
| control field | 14585480 |
| 005 - DATE AND TIME OF LATEST TRANSACTION | |
| control field | 20061113094919.0 |
| 008 - FIXED-LENGTH DATA ELEMENTS--GENERAL INFORMATION | |
| fixed length control field | 061006s2007 nyu b 000 0 eng |
| 010 ## - LIBRARY OF CONGRESS CONTROL NUMBER | |
| LC control number | 2006033284 |
| 020 ## - INTERNATIONAL STANDARD BOOK NUMBER | |
| International Standard Book Number | 9780415426329 (hardback : alk. paper) |
| 040 ## - CATALOGING SOURCE | |
| Original cataloging agency | DLC |
| Transcribing agency | DLC |
| Modifying agency | DLC |
| 043 ## - GEOGRAPHIC AREA CODE | |
| Geographic area code | aw----- |
| -- | ff----- |
| 050 00 - LIBRARY OF CONGRESS CALL NUMBER | |
| Classification number | JZ1318 |
| Item number | .E455 2007 |
| 082 00 - DEWEY DECIMAL CLASSIFICATION NUMBER | |
| Classification number | 303.48256 |
| Edition number | 22 |
| Item number | EHT |
| 100 1# - MAIN ENTRY--PERSONAL NAME | |
| Personal name | Ehteshami, Anoushiravan. |
| 9 (RLIN) | 5167 |
| 245 10 - TITLE STATEMENT | |
| Title | Globalization and geopolitics in the Middle East : |
| Remainder of title | old games, new rules / |
| Statement of responsibility, etc | Anoushiravan Ehteshami. |
| 260 ## - PUBLICATION, DISTRIBUTION, ETC. (IMPRINT) | |
| Place of publication, distribution, etc | New York : |
| Name of publisher, distributor, etc | Routledge, |
| Date of publication, distribution, etc | 2007. |
| 263 ## - PROJECTED PUBLICATION DATE | |
| Projected publication date | 0705 |
| 300 ## - PHYSICAL DESCRIPTION | |
| Extent | p. cm. |
| 490 0# - Series Statement | |
| Series statement | Durham modern Middle East and Islamic world series |
| 504 ## - BIBLIOGRAPHY, ETC. NOTE | |
| Bibliography, etc | Includes bibliographical references. |
| 505 0# - FORMATTED CONTENTS NOTE | |
| Formatted contents note | Introduction : globalization and geopolitics in the Middle East -- Globalization : system or process? -- Globalization and strategic interdependence -- The MENA regional system in crisis -- Geopolitical tectonics : GME on the margins of Eurasia -- Government and governance in the era of globalization -- Economic internationalization and the changing balance of economic power in the Middle East -- Culture clash : globalization and the geopolitics of identity in the Middle East -- Globalization and international politics of the GME -- Globalization and the Middle East in perspective. |
| 650 #0 - SUBJECT ADDED ENTRY--TOPICAL TERM | |
| Topical term or geographic name as entry element | Globalization |
| Geographic subdivision | Middle East. |
| 9 (RLIN) | 5168 |
| 650 #0 - SUBJECT ADDED ENTRY--TOPICAL TERM | |
| Topical term or geographic name as entry element | Globalization |
| Geographic subdivision | Africa, North. |
| 9 (RLIN) | 5169 |
| 650 #0 - SUBJECT ADDED ENTRY--TOPICAL TERM | |
| Topical term or geographic name as entry element | Geopolitics |
| Geographic subdivision | Middle East. |
| 9 (RLIN) | 5170 |
| 650 #0 - SUBJECT ADDED ENTRY--TOPICAL TERM | |
| Topical term or geographic name as entry element | Geopolitics |
| Geographic subdivision | Africa, North |
| 9 (RLIN) | 5171 |
| 651 #0 - SUBJECT ADDED ENTRY--GEOGRAPHIC NAME | |
| Geographic name | Middle East |
| General subdivision | Politics and government. |
| 9 (RLIN) | 5172 |
| 651 #0 - SUBJECT ADDED ENTRY--GEOGRAPHIC NAME | |
| Geographic name | Africa, North |
| General subdivision | Politics and government. |
| 9 (RLIN) | 5173 |
| 856 41 - ELECTRONIC LOCATION AND ACCESS | |
| Materials specified | Table of contents only |
| Uniform Resource Identifier | <a href="http://www.loc.gov/catdir/toc/ecip072/2006033284.html">http://www.loc.gov/catdir/toc/ecip072/2006033284.html</a> |
| 942 ## - ADDED ENTRY ELEMENTS (KOHA) | |
| Source of classification or shelving scheme | Dewey Decimal Classification |
| Item type | Book - Borrowing |
| Withdrawn status | Item status | Source of classification or shelving scheme | Damaged status | Not for loan | Vendor | Home library | Current library | Shelving location | Date acquired | Source of acquisition | Cost, normal purchase price | Serial Enumeration / chronology | Total Checkouts | Total Renewals | Full call number | Barcode | Date last seen | Date last borrowed | Koha item type |
|---|---|---|---|---|---|---|---|---|---|---|---|---|---|---|---|---|---|---|---|
| Dewey Decimal Classification | MERIC | Central Library | Central Library | First floor | 25/05/2009 | 287.00 | 9083 | 5 | 8 | 303.48256 EHT | 000016141 | 15/07/2025 | 19/04/2021 | Book - Borrowing |